| 000 | 01807nam1a2200313 i 4500 | ||
|---|---|---|---|
| 001 | RU\NLR\bibl\338647 | ||
| 005 | 20260407064148.0 | ||
| 035 | _a(NLR Aleph) 000333535 | ||
| 090 |
_a171920 _c171920 |
||
| 100 | _a20021123g20029999k y0rusy50 ca | ||
| 101 | 0 | _arus | |
| 102 | _aRU | ||
| 105 | _aa ||||||||| | ||
| 200 | 1 |
_aКатастрофические процессы и их влияние на природную среду _f[Авсюк Ю.Н., Собисевич Л.Е., Собисевич А.Л. и др.] _gПод ред. акад. Лаверова Н.П. _gМ-во пром-сти, науки и технологий Рос. Федерации, Федер. целевая науч.-техн. прогр. "Исслед. и разраб. по приоритет. направлениям развития науки и техники гражд. назначения" подпрогр. "Глобал. изм. природ. среды и климата" |
|
| 210 |
_aМ. _cРегион. обществ. орг. ученых по пробл. прикл. геофизики _d2002 |
||
| 215 | _d29 | ||
| 463 | 0 | _1001317556 | |
| 463 | 0 | _1001338781 | |
| 606 |
_aСтихийные бедствия _91113549 _3RU\NLR\auth\66120484 |
||
| 686 | _aД205 | ||
| 701 | 1 |
_aАвсюк _bЮ. Н. _4070 |
|
| 701 | 1 |
_aСобисевич _bЛ. Е. _4070 |
|
| 701 | 1 |
_aСобисевич _bА. Л. _4070 |
|
| 702 | 1 |
_4340 _8rus _7ca _aЛаверов _bН. П. _f1930- _gНиколай Павлович _3RU\NLR\auth\7719990 _93058 |
|
| 712 | 0 | 1 |
_4570 _aРоссийская Федерация _bМинистерство промышленности, науки и технологий _3RU\NLR\AUTH\8810031534 _9561681 |
| 801 | 0 |
_aRU _bNLR _c20021123 _gPSBO |
|
| 801 | 1 |
_aRU _bNLR _c20021123 |
|
| 852 |
_aNLR _j2002-8/3031 |
||
| 942 | _cBOOK | ||